The venture capital industry in Europe (Record no. 74894)

MARC details
000 -LEADER
fixed length control field 00680nam a2200217Ia 4500
008 - FIXED-LENGTH DATA ELEMENTS--GENERAL INFORMATION
fixed length control field 191130s2006##################000#0#eng##
020 ## - INTERNATIONAL STANDARD BOOK NUMBER
ISBN 9781403996671
082 ## - DEWEY DECIMAL CLASSIFICATION NUMBER
Classification number 332.04154094 SCH
100 ## - MAIN ENTRY--AUTHOR NAME
Personal name Schertler, Andrea
245 ## - TITLE STATEMENT
Title The venture capital industry in Europe
Statement of responsibility, etc Andrea Schertler
260 ## - PUBLICATION, DISTRIBUTION, ETC. (IMPRINT)
Place of publication Basingstoke, Hampshire
Name of publisher Palgrave Macmillan
Year of publication 2006
300 ## - PHYSICAL DESCRIPTION
Number of Pages x, 172 p. : ill. ; 23 cm
500 ## - GENERAL NOTE
General note Includes bibliographical references (p. 153-168) and index
650 ## - SUBJECT ADDED ENTRY--TOPICAL TERM
Topical Term Finance - Europe
Topical Term Venture capital - Europe
991 ## -
-- 144274
Holdings
Withdrawn status Lost status Damaged status Not for loan Home library Current library Shelving location Date acquired Full call number Accession Number Price effective from Koha item type
        Anna Centenary Library Anna Centenary Library 4TH FLOOR, A WING 09.10.2020 332.04154094 SCH 320596 09.10.2020 English Books

Find us on the map